000 nam a22 7a 4500
999 _c4848
_d4848
003 AKMAL
005 20200908101503.0
008 20 s2020 myb e 001 0 eng d
020 _a9789672289029
_cRM160.00
040 _aAKMAL
082 0 4 _a343.04026595 CHO
090 _a343.04026595
_bCHO
100 1 _aChoong, Kwai Fatt,
_99206
245 1 0 _aMalaysian taxation /
_cChoong Kwai Fatt
_bPrinciples and Practice
260 _aKuala Lumpur :
_bInfoWorld ,
_c2020
300 _a706p. ;
_c26cm.
500 _aIncludes index
650 0 _aTax planning
_zMalaysia
_9183
650 0 _aTax administration and procedure
_zMalaysia
_9182
942 _2ddc
_cBOOK